000 01012nam a22002537a 4500
003 OSt
005 20250515082108.0
008 241112b |||||||| |||| 00| 0 eng d
040 _c0
082 _aDPer 647.94068 In821 August-October 2019
100 _aHernández-Perlines, Felipe.
_eauthor.
_966775
245 _aInnovative capacity, quality certification and performance in the hotel /
_cFelipe Hernandez-Perlines, Antonio Ariza-Montes, Heesup Han, Rob Law.
260 _aAmsterdam ;
_bElsevier,
_cSeptember 2019.
300 _aVolume 66, pages 220-230,
_billustration.
500 _aInternational Journal of Hospitality Management, v. 81, pages 220-230, August 2019.
650 0 _aHotel sector.
_966642
650 0 _aInnovation capacity.
_966643
650 0 _aModeration.
_966644
700 _aHernández-Perlines, Felipe.
_eauthor.
_966781
700 _aAriza-Montes, Antonio.
_eauthor.
_966782
700 _aHan, Heesup.
_eauthor.
_966783
700 _aLaw, Rob.
_eauthor.
_966784
942 _2ddc
_cPER
999 _c23187
_d23187